| Tag |
First Indicator |
Second Indicator |
Subfields |
| LEADER |
00000cam a2200000 4500 |
| 001 |
in00000058089 |
| 005 |
20151008050959.0 |
| 008 |
750421s1950 eng u |
| 010 |
|
|
|a 50007716
|
| 020 |
|
|
|a 0802812392
|
| 035 |
|
|
|a (OCoLC)01290291
|
| 035 |
|
|
|9 AAG4752AM
|
| 040 |
|
|
|c PKT
|d TXA
|d UtOrBLW
|
| 049 |
|
|
|a TXAM
|c [404425]
|
| 050 |
|
0 |
|a BS2585
|b .W8
|
| 092 |
|
|
|a 226.3
|b W959m
|
| 100 |
1 |
|
|a Wuest, Kenneth Samuel,
|d 1893-
|
| 245 |
1 |
0 |
|a Mark in the Greek New Testament for the English reader /
|c by Kenneth S. Wuest.
|
| 264 |
|
1 |
|a Grand Rapids :
|b Eerdmans,
|c [1950]
|
| 300 |
|
|
|a 300 pages ;
|c 21 cm.
|
| 336 |
|
|
|a text
|b txt
|2 rdacontent
|
| 337 |
|
|
|a unmediated
|b n
|2 rdamedia
|
| 338 |
|
|
|a volume
|b nc
|2 rdacarrier
|
| 630 |
0 |
0 |
|a Bible.
|p Mark
|x Commentaries.
|
| 999 |
|
|
|a MARS
|
| 999 |
f |
f |
|s 31b4b4ce-501b-39dc-ab61-1af3f04096af
|i 9d4f1a6e-a0eb-3ae7-9e44-1fa2b710974f
|t 0
|
| 952 |
f |
f |
|p ric
|a Texas A&M University
|b Rellis Campus
|c Joint Library Facility
|d Remote Storage
|t 0
|e BS2585 .W8
|h Library of Congress classification
|i unmediated -- volume
|m A14800604437
|
| 998 |
f |
f |
|a BS2585 .W8
|t 0
|l Remote Storage
|